| 000 | 00711nam a22002177a 4500 | ||
|---|---|---|---|
| 005 | 20130711171123.0 | ||
| 010 | _aENG-105097 | ||
| 020 |
_a9788183822633 _c125.00 |
||
| 035 | _aEN-88630 | ||
| 035 | _aB-491013-032 | ||
| 037 | _bDBAD/PUB | ||
| 037 |
_bOcean Books/Ven _adpl |
||
| 082 | _a510 | ||
| 100 | _aSehgal, Anu | ||
| 245 |
_aMathematics quiz book / _cby Anu Sehgal |
||
| 260 |
_aNew Delhi _bLotus Press _c2012 |
||
| 270 |
_a4735/22,Prakash Deep Building,Ansari Road,Darya Ganj, _bNew Delhi _e110002 |
||
| 300 |
_a200p. _c22cm(pbk) |
||
| 942 |
_2ddc _cEN _mSEH _h510 |
||
| 999 |
_c65637 _d65637 |
||